000 00807nam a2200277Ia 4500
003 OSt
005 20220918184459.0
006 a|||||r|||| 00| 0
007 ta
008 220917b |||||||| |||| 00| 0 eng d
024 _a46,771
037 _cTextual
040 _aARTS
_cARTS
_beng
041 _2eng
_aeng
082 _aPz7, M1
100 _aKlein Wolfgand ed
_965853
245 0 _aCrossing the boundaries in linguistics
_b studies presented to Manfred Bierwisch
260 _aDordrecht
_bReidel Pub Co.
_c1981
300 _ax,292p.
_ccm.
490 _aSynthese language library; 13
500 _aBi0 283-86p
650 _aLINGUISTICS
700 _a Levelt Williem ed
_965854
942 _hPz7, M1
_cTEXL
_2CC
999 _c176666
_d176666